| 000 | 01641cam a22003857a 4500 | ||
|---|---|---|---|
| 001 | 15792168 | ||
| 003 | Nust | ||
| 005 | 20231218161652.0 | ||
| 008 | 090625s2009 nyu j 000 1 eng d | ||
| 010 | _a 2009284615 | ||
| 020 | _a9780316048811 | ||
| 035 | _a(OCoLC)ocn262892507 | ||
| 040 |
_aBTCTA _cBTCTA _dOCO _dWL8 _dUPZ _dWIQ _dILC _dDLC |
||
| 042 | _alccopycat | ||
| 050 | 0 | 0 |
_aPZ7.S52823 _bWo 2009 |
| 082 | 0 | 0 |
_a823.92 _bSHA |
| 100 | 1 |
_aShan, Darren. _914161 |
|
| 245 | 1 | 0 |
_aWolf Island / _cby Darren Shan. |
| 250 | _a1st ed. | ||
| 260 |
_aNew York : _bLittle Brown, _c2009. |
||
| 300 |
_a196 p. ; _c22 cm. |
||
| 490 | 1 |
_aDemonata ; _vbk. 8 |
|
| 520 | _aAs the mysterious Shadow builds an army of demons, Grubbs Grady and his team search desperately for answers. But when they follow up on a new lead, it takes them to an old, unexpected foe-- the Lambs. | ||
| 650 | 0 |
_aDemonology _vJuvenile fiction. _9119752 |
|
| 650 | 0 |
_aWerewolves _vJuvenile fiction. _9119753 |
|
| 650 | 1 |
_aDemonology _vFiction. _912042 |
|
| 650 | 1 |
_aWerewolves _vFiction. _912823 |
|
| 650 | 1 |
_aHorror stories. _914162 |
|
| 800 | 1 |
_aShan, Darren. _tDemonata ; _vbk. 8 _9119754 |
|
| 856 | 4 | 2 |
_3Contributor biographical information _uhttp://www.loc.gov/catdir/enhancements/fy0913/2009284615-b.html |
| 856 | 4 | 2 |
_3Publisher description _uhttp://www.loc.gov/catdir/enhancements/fy0913/2009284615-d.html |
| 906 |
_a7 _bcbc _ccopycat _d2 _encip _f20 _gy-gencatlg |
||
| 942 |
_2ddc _cBK |
||
| 999 |
_c234730 _d234730 |
||